000 00605nam a2200217 a 4500
001 51183
003 BD-RjUL
005 20211209075624.0
008 500101s1939 us a 000 0 eng d
035 _a(BD-RjUL) 51303
040 _aDLC
_cWSU
_dOCL/EUX
_dBD-RjUL
_beng
041 _aeng
082 _a515
_223
_bSOA 1939
100 1 _aSokolnikoff, Ivan Stephen
_d1901-1976.
_9153129
245 1 0 _aAdvanced calculus /
_c Ivan S. Sokolnikoff
260 _aNew York ;
_bMcGraw-Hill,
_c1939
300 _ax, 446 p :
_bill ;
_c24 cm
500 _aIncludes index
650 0 _aCalculus
_9153130
942 _2ddc
_cBK
999 _c51183
_d51183